Countries Closest to Ukraine by first 2 letters - Statistics

General Stats
  • This quiz has been taken 274 times
  • The average score is 15 of 20
Answer Stats
km country miles % Correct
0 Russia 0
99%
0 Moldova 0
93%
0 Romania 0
90%
0 Belarus 0
89%
0 Poland 0
88%
0 Slovakia 0
88%
469 Slovenia 252
88%
417 Georgia 259
85%
0 Hungary 0
83%
220 Lithuania 136
80%
148 Bulgaria 92
79%
467 Latvia 290
78%
285 Serbia 177
75%
264 Czechia 164
72%
365 Turkey 227
70%
432 Greece 269
62%
372 Austria 231
59%
368 Croatia 229
55%
436 Bosnia and Herzegovina 271
51%
468 Kazakhstan 291
28%
No matching quizzes found
Score Distribution
Percent of People with Each Score
Percentile by Number Answered
Your Score History
You have not taken this quiz